00780nam 2200193 45000010005000000900009000051000041000141010008000552000210000632100044002732150010003173000022003276060031003496060036003806070016004167100045004328010020004779950089004976083 a6083 a20190729k u||y0frey50 ba afre aSuperphénixbBrochureele dossierfLes Européens contre Superphénixgcoord. par Perline, réd. par Bliliane Battais, Philippe Brochet, Serge Defaye, Philippe Lebreton, Pierre Radanne, Monique Sené fLoriol (Drôme)gAtelier 26h1994 mars a42 p. aBibliogr. Lexique 9648aNucléaire (Energie) 9939aCentrale de Creys-Malville 9521aFrance 96528aLes Européens contre Superphenix aCHbCH-002049-8 10203052026-06-1897063bARCHICcARCHICeBrochuresf7909hContratomkBroch 2739o1